Pruchna
| Titel: | Pruchna : od czasów najdawniejszych do 1945 roku / Wojciech Kiełkowski |
|---|---|
| Verfasser: | |
| Veröffentlicht: | Pruchna : Wojciech Kiełkowski, 2022 |
| Umfang: | 612 Seiten : Illustrationen |
| Format: | Buch |
| Sprache: | Polnisch |
| ISBN: | 9788392705659 |
alg: 54140080 001A $03004:16-01-26 001B $03004:09-02-26 $t14:09:11.000 001D $03004:16-01-26 001U $0utf8 001X $00 002@ $0Aau 002C $aText $btxt $2rdacontent 002D $aohne Hilfsmittel zu benutzen $bn $2rdamedia 002E $aBand $bnc $2rdacarrier 003@ $0541400800 003O $01569030484 $aOCoLC 004A $A978-83-927056-5-9 007A $0541400800 $aHEB 010@ $apol 010E $erda 011@ $a2022 021A $aPruchna $dod czasów najdawniejszych do 1945 roku $hWojciech Kiełkowski 028A $BVerfasser $4aut $71161963871 $8Kiełkowski, Wojciech$Z1974- [Tp3] $9433111887 033A $pPruchna $nWojciech Kiełkowski 034D $a612 Seiten 034M $aIllustrationen 037A $aQuellen- und Literaturverzeichnis Seite 575-610 044K $71037185927 $8Pruchna [Tg1] $932589261X 045F $a307.094380902 $eDDC23BSB 045F/01 $a307.09 045F/03 $f0902 045F/03 $f0903 045F/03 $f0904 045F/03 $g438 045G $a910.9438 $eDDC23BSB 045G/01 $a910 045G/03 $g438 045R $aGeschichte Anfänge-1945 046L $aZusammenfassung in deutscher Sprache lok: 54140080 24 exp: 54140080 24 1 #EPN 201B/01 $009-02-26 $t14:07:13.000 201C/01 $016-01-26 201U/01 $0utf8 203@/01 $01332284175 208@/01 $a09-02-26 $bz 209A/01 $a26.00280 $du $f050 $h26 00280 $x00 209C/01 $a26.00280 K $h26 00280 K 209G/01 $a75146213 $x00 220C/01 $ahae 247C/01 $8358050-7Marburg, Bibliothek des Herder-Instituts Marburg $9102600961
| LEADER | 00000cam a2200000 c 4500 | ||
|---|---|---|---|
| 001 | 541400800 | ||
| 003 | DE-603 | ||
| 005 | 20260209140911.0 | ||
| 007 | tu | ||
| 008 | 260116s2022 xx |||| | u00||u|pol c | ||
| 020 | |a 9788392705659 | ||
| 035 | |a (DE-599)HEB541400800 | ||
| 035 | |a (OCoLC)1569030484 | ||
| 040 | |a DE-603 |b ger |c DE-603 |d DE-603 |e rda | ||
| 041 | |a pol | ||
| 082 | 0 | 4 | |8 1\u |a 307.094380902 |q DE-101 |2 23/BSB |
| 083 | 0 | |8 2\u |a 910.9438 |q DE-101 |2 23/BSB | |
| 085 | |8 1\u |b 307.09 | ||
| 085 | |8 1\u |z 1 |s 0902 | ||
| 085 | |8 1\u |z 1 |s 0903 | ||
| 085 | |8 1\u |z 1 |s 0904 | ||
| 085 | |8 1\u |z 2 |s 438 | ||
| 085 | |8 2\u |b 910 | ||
| 085 | |8 2\u |z 2 |s 438 | ||
| 100 | 1 | |a Kiełkowski, Wojciech |d 1974- |e Verfasser |4 aut |0 (DE-603)433111887 |0 (DE-588)1161963871 |2 gnd | |
| 245 | 0 | 0 | |a Pruchna |b od czasów najdawniejszych do 1945 roku |c Wojciech Kiełkowski |
| 264 | 1 | |a Pruchna |b Wojciech Kiełkowski |c 2022 | |
| 300 | |a 612 Seiten |b Illustrationen | ||
| 336 | |a Text |b txt |2 rdacontent | ||
| 337 | |a ohne Hilfsmittel zu benutzen |b n |2 rdamedia | ||
| 338 | |a Band |b nc |2 rdacarrier | ||
| 500 | |a Quellen- und Literaturverzeichnis Seite 575-610 | ||
| 546 | |a Zusammenfassung in deutscher Sprache | ||
| 648 | 7 | |a Geschichte Anfänge-1945 |2 gnd | |
| 651 | 7 | |a Pruchna |0 (DE-588)1037185927 |0 (DE-603)32589261X |2 gnd | |
| 924 | 0 | |9 Mb 50 |a (DE-603)1332284175 |b DE-Mb50 |c HES |d c |g 26.00280 | |


